Chi ha scalato l'Everest? - Statistics

Statistiche generali
  • Questo quiz è stato fatto 466 volte
  • Il punteggio medio è 16 su 20
Statistiche sulle risposte
N.° Scalatori Nazione % Corretto
78 Italia
99%
727 Stati Uniti
98%
435 Cina
96%
171 Russia
95%
115 Francia
94%
75 Germania
91%
347 India
89%
98 Spagna
88%
3620 Nepal
87%
385 Regno Unito
86%
120 Canada
85%
214 Giappone
85%
105 Australia
75%
42 Norvegia
70%
53 Messico
68%
68 Svizzera
68%
51 Austria
65%
50 Polonia
65%
93 Nuova Zelanda
55%
129 Corea del Sud
53%
Nessun quiz corrispondente trovato
Distribuzione punteggi
Percentuale di utenti per punteggio
Percentile per numero di risposta
I tuoi punteggi nel tempo
Non hai fatto questo quiz